| 000 | 01504cam a22003977a 4500 | ||
|---|---|---|---|
| 001 | 6870 | ||
| 003 | FISKH | ||
| 005 | 20250604093546.0 | ||
| 008 | 090430s2009 nyua j 001 0 eng | ||
| 010 | _a 2009277882 | ||
| 020 | _a9780756642945 | ||
| 020 | _a0756642949 | ||
| 020 | _a9780756642952 (pbk.) | ||
| 020 | _a0756642957 (pbk.) | ||
| 040 |
_aDLC _cDLC _dDLC _beng |
||
| 050 | _aSF302.L63 | ||
| 082 | _a636.1 | ||
| 100 | _aAnonymous | ||
| 245 | 1 | 0 | _aPonies and horses / |
| 260 |
_aNew York : _bDK Publishing, _c2009. |
||
| 300 |
_a32 pages : _bcolor illustrations ; _c23 cm |
||
| 490 | 1 | _aDK readers. Pre-level 1, learning to read | |
| 500 | _aIncludes index. | ||
| 505 | 0 | _aStable yard -- Ponies -- Brown horses -- Palomino horses -- Chestnut horses -- Foals -- Black horses -- Gray ponies -- Bay horses -- Dancing horses -- Racehorses -- Polo ponies -- Ranch horses -- Wild horses -- Glossary. | |
| 505 | 0 | _aG | |
| 520 | _aIntroduces the very youngest readers to the exciting world of ponies, horses, and the people who ride and care for them. | ||
| 521 | 8 |
_a420
_bLexile |
|
| 521 | 8 |
_aG
_bRaz-Plus |
|
| 650 | 0 |
_aHorses _vJuvenile literature. |
|
| 650 | 0 |
_aPonies _vJuvenile literature. |
|
| 830 | 0 |
_aDorling Kindersley readers. _nPre-level 1, _pLearning to read. |
|
| 856 | 4 | 2 |
_3Publisher description _uhttp://www.loc.gov/catdir/enhancements/fy0909/2009277882-d.html |
| 906 |
_a7 _bcbc _corigres _d2 _encip _f20 _gy-gencatlg |
||
| 942 |
_2ddc _cBK _n0 |
||
| 999 |
_c6870 _d6870 |
||